|
|
|
|
| LEADER |
00000naa2a2200000 4500 |
| 001 |
202177 |
| 005 |
20231227082609.0 |
| 035 |
|
|
|a (RuTPU)RU\TPU\book\220329
|
| 035 |
|
|
|a RU\TPU\book\218904
|
| 090 |
|
|
|a 202177
|
| 100 |
|
|
|a 20111007d1998 k y0rusy50 ca
|
| 101 |
0 |
|
|a rus
|
| 102 |
|
|
|a RU
|
| 200 |
1 |
|
|a Проблема оценки качества профессиональной подготовки выпускников вузов
|f В. Ф Караушев , В. М. Лисицын
|
| 463 |
|
0 |
|0 (RuTPU)RU\TPU\book\24416
|y 5-89503-042-4
|t Качество - стратегия XXI века
|o материалы Международной научно-практической конференции, Томск, 1998
|v С. 68-69
|d 1998
|p 199 с.
|
| 610 |
1 |
|
|a труды учёных ТПУ
|
| 700 |
|
1 |
|a Караушев
|b В. Ф
|4 070
|
| 701 |
|
1 |
|a Лисицын
|b В. М.
|c физик
|c профессор Томского политехнического университета, кандидат физико-математических наук
|f 1939-
|g Виктор Михайлович
|3 (RuTPU)RU\TPU\pers\10510
|4 070
|9 2237
|
| 801 |
|
1 |
|a RU
|b 63413507
|c 20110914
|
| 801 |
|
2 |
|a RU
|b 63413507
|c 20111007
|g RCR
|
| 942 |
|
|
|c BK
|